Caricamento...

The mortal coil : and other stories

Dettagli Bibliografici
Autore principale: Lawrence, D.H
Natura: Printed Book
Lingua:English
Pubblicazione: London : penguin books , c1971.
LEADER 00435nam a22001217a 4500
008 170509b xxu||||| |||| 00| 0 eng d
100 |a Lawrence, D.H 
245 |a The mortal coil :  |b and other stories 
260 |a London :  |b penguin books ,  |c c1971. 
300 |b 237p. 
942 |c BK 
999 |c 199353  |d 199353 
952 |0 0  |1 0  |4 0  |6 823_912000000000000_LAW_M  |7 0  |9 220612  |a ENG  |b ENG  |c ST1  |d 2017-05-09  |i 8194  |l 0  |o 823.912 LAW/M   |p ENG8194  |r 2017-05-09  |w 2017-05-09  |y BK